[Event "Sofia Baharov Memorial op 17th"]
[Site "Sofia"]
[Date "2009.11.21"]
[Round "4"]
[White "Ivanov, Stojan"]
[Black "Badev, Kiril"]
[Result "0-1"]
[WhiteElo "2309"]
[BlackElo "2320"]
[PlyCount "94"]
[EventDate "2009.11.18"]
[EventType "swiss"]
[EventRounds "7"]
[EventCountry "BUL"]
[SourceTitle "CBM 133 Extra"]
[Source "ChessBase"]
[SourceDate "2010.01.05"]
[SourceVersion "1"]
[SourceVersionDate "2010.01.05"]
[SourceQuality "1"]

1. d4 Nf6 2. Nf3 e6 3. c4 Bb4+ 4. Bd2 c5 5. Bxb4 cxb4 6. Nbd2 0-0 7. e4 d6 8. e5 dxe5 9. dxe5 Nfd7 10. Nb3 Nc6 11. Bd3 g6 12. Qe2 Ndxe5 13. Nxe5 Nxe5 14. Qxe5 Qxd3 15. Nc5 Qf5 16. Qxf5 gxf5 17. 0-0-0 b6 18. Nd3 a5 19. Rhe1 Ba6 20. b3 b5 21. cxb5 Bxb5 22. Re5 Rfc8+ 23. Kb2 Rab8 24. Nf4 a4 25. Rd4 a3+ 26. Kb1 Rc6 27. Rxb4 Rbc8 28. Re1 Rc5 29. Rd1 e5 30. Rxb5 Rxb5 31. Nd5 Kf8 32. Ne3 f4 33. Nc2 Ra5 34. b4 Raa8 35. Rd3 e4 36. Rb3 Rd8 37. Kc1 Rd3 38. Rxd3 exd3 39. Nd4 Rc8+ 40. Kd2 Rc4 41. Kxd3 Rxb4 42. Nc2 Rb2 43. Nxa3 Rxf2 44. Nc2 Rxg2 45. a4 f3 46. Ne3 Rxh2 47. Ke4 Rh4+ 0-1

[Event "BUL-ch U20"]
[Site "Sofia"]
[Date "2009.03.13"]
[Round "7"]
[White "Ivanov, Stojan"]
[Black "Vlashki, Nino"]
[Result "1-0"]
[WhiteElo "2125"]
[BlackElo "2200"]
[PlyCount "103"]
[EventDate "2009.03.09"]
[EventType "swiss"]
[EventRounds "9"]
[EventCountry "BUL"]
[SourceTitle "CBM 129 Extra"]
[Source "ChessBase"]
[SourceDate "2009.05.05"]
[SourceVersion "2"]
[SourceVersionDate "2009.05.20"]
[SourceQuality "1"]

1. e4 e5 2. Nf3 Nc6 3. Bb5 a6 4. Ba4 Nf6 5. 0-0 Bc5 6. c3 b5 7. Bc2 d5 8. d4 dxe4 9. Nxe5 Nxe5 10. dxe5 Qxd1 11. Rxd1 Ng4 12. Bxe4 Rb8 13. Bc6+ Ke7 14. Bg5+ Ke6 15. Bh4 Nxe5 16. Bd5+ Kf5 17. Nd2 Bb7 18. Nb3 Bb6 19. Bg3 f6 20. Bxb7 Rxb7 21. Nd4+ Bxd4 22. Rxd4 Re8 23. Kf1 c6 24. Re1 Rbe7 25. Bxe5 fxe5 26. Rd6 Re6 27. Red1 e4 28. Ke2 Ke5 29. Rxe6+ Rxe6 30. Rd7 Rg6 31. g3 Kf5 32. Ke3 Kg4 33. h4 c5 34. Re7 Kf5 35. Rf7+ Ke5 36. Re7+ Kf5 37. Rxe4 Rd6 38. Rf4+ Ke6 39. Rf8 g6 40. Ra8 h5 41. Ke4 b4 42. cxb4 cxb4 43. f3 b3 44. a3 Rd2 45. Rxa6+ Kf7 46. Kf4 Rxb2 47. Rb6 Rb1 48. Kg5 Rg1 49. g4 hxg4 50. fxg4 Rg3 51. a4 Rc3 52. Rb7+ 1-0

[Event "Sofia Kirov Memorial"]
[Site "Sofia"]
[Date "2009.01.10"]
[Round "9"]
[White "Ivanov, Stojan"]
[Black "Enchev, Ivajlo"]
[Result "0-1"]
[WhiteElo "2309"]
[BlackElo "2382"]
[PlyCount "134"]
[EventDate "2009.01.03"]
[EventType "swiss"]
[EventRounds "9"]
[EventCountry "BUL"]
[SourceTitle "EXT 2010"]
[Source "ChessBase"]
[SourceDate "2010.11.25"]
[SourceVersion "1"]
[SourceVersionDate "2010.11.25"]
[SourceQuality "1"]

1. d4 Nf6 2. Nf3 e6 3. c4 b6 4. Nc3 Bb4 5. Qb3 a5 6. a3 Bxc3+ 7. bxc3 Ne4 8. e3 a4 9. Qc2 Bb7 10. Bd3 f5 11. 0-0 0-0 12. Nd2 Qh4 13. f3 Nxd2 14. Bxd2 d6 15. e4 fxe4 16. Bxe4 Bxe4 17. Qxe4 Qxe4 18. fxe4 Nd7 19. Rfe1 e5 20. Rab1 h6 21. Rb5 Rfe8 22. Kf2 Re7 23. Ke3 Nf6 24. Kd3 exd4 25. cxd4 Ng4 26. Be3 Nxh2 27. c5 dxc5 28. Bg1 Ng4 29. dxc5 Rd8+ 30. Kc2 bxc5 31. Rxc5 Red7 32. Rd5 Rxd5 33. exd5 Rxd5 34. Re4 Nf6 35. Rxa4 Rg5 36. Ra8+ Kh7 37. Bd4 Rxg2+ 38. Kb3 Nd5 39. Rd8 Rg3+ 40. Kc4 Nb6+ 41. Kb4 Rg4 42. Kb5 h5 43. Kc6 Nc4 44. Bc5 h4 45. Rd1 g5 46. a4 Ne5+ 47. Kd5 Nd7 48. Be3 Rxa4 49. Bxg5 Ra5+ 50. Ke4 Rxg5 51. Rxd7+ Rg7 52. Rd1 Kh6 53. Kf4 c6 54. Rd6+ Rg6 55. Rd8 Rf6+ 56. Kg4 Kg6 57. Rd7 h3 58. Kxh3 Kf5 59. Kg3 Ke4 60. Rc7 Kd4 61. Rd7+ Kc4 62. Kg4 c5 63. Kg5 Rf2 64. Kg4 Kb4 65. Kg3 Rf8 66. Rb7+ Kc3 67. Kg2 c4 0-1

[Event "Sofia Kirov Memorial"]
[Site "Sofia"]
[Date "2009.01.09"]
[Round "8"]
[White "Ljangov, Petar"]
[Black "Ivanov, Stojan"]
[Result "0-1"]
[WhiteElo "2095"]
[BlackElo "2309"]
[PlyCount "77"]
[EventDate "2009.01.03"]
[EventType "swiss"]
[EventRounds "9"]
[EventCountry "BUL"]
[SourceTitle "EXT 2010"]
[Source "ChessBase"]
[SourceDate "2010.11.25"]
[SourceVersion "1"]
[SourceVersionDate "2010.11.25"]
[SourceQuality "1"]

1. e4 c5 2. Nf3 Nc6 3. Bb5 a6 4. Bxc6 bxc6 5. 0-0 d5 6. d3 Bg4 7. Nbd2 e6 8. Re1 Be7 9. Nf1 Nf6 10. Ng3 0-0 11. h3 Bxf3 12. Qxf3 Rb8 13. e5 Nd7 14. Qg4 Kh8 15. Qe2 Bg5 16. Bxg5 Qxg5 17. b3 f6 18. exf6 Rxf6 19. Qg4 Qh6 20. Re2 Rbf8 21. Rae1 Re8 22. Qh5 Qxh5 23. Nxh5 Rh6 24. Ng3 Nf8 25. Re3 Rb8 26. Ne2 Kg8 27. d4 Kf7 28. dxc5 Rb5 29. Rc3 e5 30. f4 e4 31. Nd4 Rb4 32. Rd1 Ne6 33. Nxe6 Rxe6 34. a3 Rb5 35. Kf2 h5 36. g3 Rf6 37. Ke3 Ke6 38. Rg1 Rg6 39. Kd4 0-1

[Event "Berlin Kreuzberg op 3th"]
[Site "Berlin"]
[Date "2002.07.14"]
[Round "9"]
[White "Ivanov, Stojan"]
[Black "Postler, Reinhard"]
[Result "1-0"]
[WhiteElo "2174"]
[BlackElo "2308"]
[PlyCount "135"]
[EventDate "2002.07.06"]
[EventType "swiss"]
[EventRounds "9"]
[EventCountry "GER"]
[SourceTitle "EXT 2022"]
[Source "ChessBase"]
[SourceDate "2021.10.06"]
[SourceVersion "1"]
[SourceVersionDate "2021.10.06"]
[SourceQuality "1"]

1. Nf3 d5 2. d4 Nf6 3. c4 c6 4. e3 Bf5 5. Nc3 e6 6. Qb3 Qc7 7. Be2 Nbd7 8. 0-0 Bd6 9. Bd2 0-0 10. Rac1 Qb8 11. h3 Ne4 12. Rfd1 Nxd2 13. Rxd2 Nf6 14. Qa4 Ne4 15. Nxe4 Bxe4 16. c5 Bc7 17. b4 a6 18. Qb3 e5 19. dxe5 Bxe5 20. a4 Re8 21. b5 axb5 22. axb5 Qc7 23. bxc6 bxc6 24. Qb6 Bxf3 25. Qxc7 Bxc7 26. Bxf3 Reb8 27. g3 Ra3 28. Rcc2 Kf8 29. Kg2 Rbb3 30. Ra2 Rxa2 31. Rxa2 Rc3 32. Ra8+ Ke7 33. Rc8 Be5 34. Rxc6 d4 35. exd4 Bxd4 36. Rc7+ Kd8 37. Rxf7 Rxc5 38. Be4 h6 39. h4 Re5 40. Bg6 Re6 41. Rf4 Bc5 42. Bf5 Rf6 43. h5 Kc7 44. g4 Rb6 45. Rc4 Kd6 46. f3 Rb2+ 47. Kg3 Rb4 48. Rc2 Bd4 49. Rd2 Kc5 50. Re2 Kd5 51. Be4+ Ke6 52. f4 Rb2 53. Bf5+ Kd5 54. Re8 Rb3+ 55. Kg2 Rb2+ 56. Kf3 Rb3+ 57. Ke2 Rb2+ 58. Kd3 Rb3+ 59. Kc2 Rb2+ 60. Kd1 Rf2 61. Be4+ Kc4 62. Rc8+ Bc5 63. Rc7 Rxf4 64. Bf5 Rf2 65. Rxg7 Be3 66. Rd7 Bf4 67. Bd3+ Kc5 68. Be2 1-0

[Event "Berlin Kreuzberg op 3th"]
[Site "Berlin"]
[Date "2002.07.13"]
[Round "8"]
[White "Kalinitschew, Sergey"]
[Black "Ivanov, Stojan"]
[Result "1-0"]
[WhiteElo "2487"]
[BlackElo "2174"]
[PlyCount "28"]
[EventDate "2002.07.06"]
[EventType "swiss"]
[EventRounds "9"]
[EventCountry "GER"]
[SourceTitle "EXT 2022"]
[Source "ChessBase"]
[SourceDate "2021.10.06"]
[SourceVersion "1"]
[SourceVersionDate "2021.10.06"]
[SourceQuality "1"]

1. d4 Nf6 2. Nf3 d5 3. c4 dxc4 4. e3 e6 5. Bxc4 c5 6. 0-0 cxd4 7. exd4 Be7 8. Nc3 0-0 9. Qe2 Nbd7 10. Bg5 Nb6 11. Bb3 Bd7 12. Ne5 Bc6 13. Rad1 Bd5 14. Bc2 Rc8 1-0

[Event "Berlin Kreuzberg op 3th"]
[Site "Berlin"]
[Date "2002.07.07"]
[Round "2"]
[White "Uckar, Klaudijo"]
[Black "Ivanov, Stojan"]
[Result "0-1"]
[WhiteElo "1715"]
[BlackElo "2305"]
[PlyCount "122"]
[EventDate "2002.07.06"]
[EventType "swiss"]
[EventRounds "9"]
[EventCountry "GER"]
[SourceTitle "EXT 2022"]
[Source "ChessBase"]
[SourceDate "2021.10.06"]
[SourceVersion "1"]
[SourceVersionDate "2021.10.06"]
[SourceQuality "1"]

1. d4 c5 2. Nf3 cxd4 3. Nxd4 e5 4. Nb3 d5 5. g3 Nf6 6. Bg2 Nc6 7. Bg5 Be6 8. Nc3 Bb4 9. 0-0 Bxc3 10. bxc3 0-0 11. Bxf6 gxf6 12. Nc5 Qe7 13. Nxe6 fxe6 14. e4 d4 15. cxd4 Nxd4 16. c3 Nc6 17. Qb3 Na5 18. Qb4 Qxb4 19. cxb4 Nc6 20. a3 Nd4 21. f4 Rac8 22. Ra2 Rc3 23. fxe5 fxe5 24. Rxf8+ Kxf8 25. a4 Ke7 26. Rb2 Kd6 27. Kf2 b6 28. Ra2 Rb3 29. b5 Rb4 30. g4 Nb3 31. Rb2 Kc5 32. Bf3 Kc4 33. Bd1 Nc5 34. Rxb4+ Kxb4 35. Ke3 Nd7 36. g5 Kc5 37. Bh5 Kd6 38. Bd1 Ke7 39. h4 Nf8 40. h5 Kf7 41. Bb3 Nd7 42. Bc2 Nc5 43. Kd2 Kg7 44. Kc3 Nb7 45. Kd3 Nd6 46. Bb3 Nf7 47. Bxe6 Nxg5 48. Bg4 Kf6 49. Bf5 Ke7 50. Kc4 Kd6 51. Kb4 h6 52. Kc4 Nf7 53. Bg6 Nd8 54. Bf5 Nb7 55. Kb4 Nc5 56. Bg6 Nd3+ 57. Kc4 Nf4 58. Be8 Ke7 59. Bg6 Nxg6 60. hxg6 h5 61. Kd3 Kf6 0-1